[Event "Belgian Interteams 2000-1"]
[Site "BEL"]
[Date "2000.01.07"]
[Round "6"]
[White "Bor,W"]
[Black "Vandevoort,P"]
[Result "1/2-1/2"]
[WhiteElo "2274"]
[BlackElo "2340"]

1.e4 c5 2.Nf3 Nc6 3.Bb5 e6 4.Bxc6 bxc6 5.O-O Ne7 6.e5 f6 7.d3 Ng6 8.Qe2 Be7
9.Nc3 O-O 10.Bd2 Qe8 11.Rae1 fxe5 12.Nxe5 Nxe5 13.Qxe5 Qg6 14.b3 d6 15.Qg3 Qxg3
16.hxg3 Bd7 17.Ne4 h6  1/2-1/2

[Event "VII Anibal Open"]
[Site "Linares ESP"]
[Date "2000.01.07"]
[Round "1"]
[White "Dzhumaev,M"]
[Black "Moreno,Ale"]
[Result "1-0"]
[WhiteElo "2457"]
[BlackElo "2404"]

1.e4 c5 2.Nf3 Nc6 3.Bb5 e6 4.O-O Nge7 5.c3 a6 6.Ba4 b5 7.Bc2 d5 8.exd5 Nxd5
9.d4 Be7 10.dxc5 Bxc5 11.Ng5 Nf6 12.Qe2 h6 13.Ne4 Nxe4 14.Bxe4 Bb7 15.a4 bxa4
16.Rxa4 Qc7 17.Qg4 g6 18.Bf4 Bd6 19.Bxg6 O-O-O 20.Bxd6 Rxd6 21.Bc2 Ne5 22.Qf4 Rg8
23.Be4 f5 24.Bxb7+ Qxb7 25.f3 Qxb2 26.g3 Qb6+ 27.Rd4 Rxd4 28.cxd4 Nc6 29.Kh1 Qxd4
30.Qxh6 Qe5 31.Rc1 Qd5 32.Qe3 Rd8 33.Nc3 Qc4 34.Ne2 Qd5 35.Nf4 Qd6 36.Qb6 Kd7
37.Qb7+  1-0

[Event "VII Anibal Open"]
[Site "Linares ESP"]
[Date "2000.01.09"]
[Round "3"]
[White "Dzhumaev,M"]
[Black "Jorge Bort,E"]
[Result "1-0"]
[WhiteElo "2457"]
[BlackElo "2233"]

1.e4 c5 2.Nf3 Nc6 3.Bb5 g6 4.O-O Bg7 5.c3 e5 6.d4 exd4 7.cxd4 cxd4 8.Bf4 Nge7
9.Bd6 O-O 10.Na3 a6 11.Bc4 b5 12.Bb3 Bb7 13.Rc1 Rc8 14.Qd2 h6 15.h4 Kh7 16.h5 d3
17.e5 Qe8 18.Qxd3 Na7 19.Nh4 Rxc1 20.Rxc1 Nac6 21.Re1 Rg8 22.Nc2 Bf8 23.Ne3 Rg7
24.Ng4 Ng8 25.Bxf8 Qxf8 26.Nf6+ Nxf6 27.exf6 Rg8 28.hxg6+  1-0

[Event "VII Anibal Open"]
[Site "Linares ESP"]
[Date "2000.01.10"]
[Round "4"]
[White "Mateo,Ra"]
[Black "Pinheiro,J"]
[Result "1-0"]
[WhiteElo "2425"]
[BlackElo "2269"]

1.e4 c5 2.Nf3 Nc6 3.Bb5 d6 4.O-O Bd7 5.c3 Nf6 6.Re1 e6 7.d4 cxd4 8.cxd4 d5
9.exd5 Nxd5 10.Nc3 Nxc3 11.bxc3 Be7 12.d5 exd5 13.Qxd5 O-O 14.Be3 Be6 15.Qe4 Qd5
16.Qa4 Bf6 17.Red1 Qh5 18.Bxc6 bxc6 19.Bd4 Be7 20.Re1 c5 21.Be5 Rfd8 22.Re3 Bf8
23.Rae1 Bd5 24.Bc7 Rdc8 25.Re5 Qg6 26.Rxd5 Rxc7 27.h4 c4 28.h5 Qf6 29.Nd4 Re7
30.Rxe7 Qxe7 31.Rf5 Rc8 32.g3 g6 33.Rf4 Bh6 34.Rf3 Bg7 35.Re3 Qd8 36.Nc6  1-0

[Event "ch-Asia"]
[Site "Udaipur IND"]
[Date "2000.01.10"]
[Round "1"]
[White "Peng Xiaomin"]
[Black "Rahman,Zia"]
[Result "1-0"]
[WhiteElo "2624"]
[BlackElo "2465"]

1.e4 c5 2.Nf3 Nc6 3.Bb5 g6 4.O-O Bg7 5.Nc3 e5 6.Bxc6 dxc6 7.a3 Bg4 8.h3 Bxf3
9.Qxf3 Nf6 10.d3 Nd7 11.Be3 O-O 12.Qe2 Qe7 13.Rab1 a5 14.Kh1 a4 15.f3 b5
16.Rbd1 Rfb8 17.Qf2 Bf6 18.Nb1 Bg5 19.Nd2 Bxe3 20.Qxe3 Nf8 21.f4 exf4 22.Rxf4 Ne6
23.Rf2 Qg5 24.Qxg5 Nxg5 25.Rdf1 Ra7 26.Rf6 Rc7 27.h4 Ne6 28.Nf3 Re8 29.h5 Kg7
30.Ne5 Nf4 31.Rxf7+ Rxf7 32.h6+ Kg8 33.Nxf7 Ne2 34.Rf2 Nd4 35.c3 Nb3 36.Kg1 Nc1
37.Rf3 c4 38.dxc4 Rxe4 39.cxb5 cxb5 40.Nd6 Re1+ 41.Kf2 Re6 42.Nxb5 Re2+ 43.Kf1 Rxb2
44.Nc7 Nb3 45.Rf4 Rb1+ 46.Ke2 Rb2+ 47.Ke3  1-0

[Event "Troll Masters"]
[Site "Gausdal NOR"]
[Date "2000.01.11"]
[Round "2"]
[White "Westerinen,H"]
[Black "Krakops,M"]
[Result "1/2-1/2"]
[WhiteElo "2382"]
[BlackElo "2530"]

1.e4 c5 2.Nf3 Nc6 3.Bb5 g6 4.O-O Bg7 5.Re1 Nf6 6.e5 Nd5 7.Nc3 Nc7 8.Bxc6 dxc6
9.h3 O-O 10.d3 Ne6 11.Ne4 b6 12.Neg5 Nc7 13.Nh2 h6 14.Ngf3 Kh7 15.a4 Bf5
16.b3 Qd7 17.Bb2 a5  1/2-1/2

[Event "Premier"]
[Site "Hastings ENG"]
[Date "2000.01.12"]
[Round "9"]
[White "Sutovsky,E"]
[Black "Chandler,M"]
[Result "1-0"]
[WhiteElo "2597"]
[BlackElo "2527"]

1.e4 c5 2.Nf3 Nc6 3.Bb5 g6 4.Bxc6 dxc6 5.d3 Bg7 6.h3 e5 7.Be3 Qe7 8.Nbd2 Nf6
9.Nc4 Nd7 10.O-O O-O 11.Qd2 Rd8 12.a3 b6 13.b4 Ba6 14.Qc3 f6 15.Rfe1 Bf8
16.Nfd2 Kh8 17.Rab1 Qe6 18.Nb3 cxb4 19.axb4 c5 20.bxc5 Rdc8 21.Ncd2 Nxc5
22.Bxc5 Bxc5 23.Qa1 Bb7 24.Nxc5 Rxc5 25.Nc4 Rc7 26.Rb2 Kg7 27.Ra2 b5 28.Na5 Bc8
29.Nb3 Qb6 30.d4 exd4 31.Nxd4 Re7 32.Ra5 a6 33.Rxb5 axb5 34.Qxa8 Bxh3 35.c3 Bd7
36.Ra1 Qc5 37.Qd8 Rf7 38.Qxd7 Qxc3 39.Ne6+ Kh6 40.Qxf7 Qxa1+ 41.Kh2 Qe5+
42.f4  1-0

[Event "VII Anibal Open"]
[Site "Linares ESP"]
[Date "2000.01.13"]
[Round "7"]
[White "Minasian,Ara"]
[Black "Moreno,Ale"]
[Result "1-0"]
[WhiteElo "2483"]
[BlackElo "2404"]

1.e4 c5 2.Nf3 Nc6 3.Bb5 e6 4.O-O Nge7 5.c3 a6 6.Be2 d5 7.exd5 Nxd5 8.d4 cxd4
9.Nxd4 Be7 10.Nxc6 bxc6 11.Bf3 Qc7 12.c4 Nb6 13.Qe2 Bb7 14.b3 Bf6 15.Bb2 Nd7
16.Bxf6 gxf6 17.Nc3 O-O-O 18.b4 Qe5 19.Qc2 Qf4 20.Qe4 Qxe4 21.Nxe4 Ne5 22.Bh5 f5
23.Nc5 Rd4 24.Rfe1 Ng6 25.Rac1 Kb8 26.g3 Rhd8 27.f4 Ka7 28.Nb3 R4d7 29.Rcd1 Kb8
30.Rxd7 Rxd7 31.Rd1 Rxd1+ 32.Bxd1 e5 33.fxe5 Nxe5 34.Be2 Bc8 35.Nc5 Kc7 36.a4 Kd6
37.a5 Ng6 38.h4 Ke5 39.h5 Ne7 40.Kf2 Kd4 41.Na4 Bb7 42.b5 Nc8 43.bxa6 Bxa6
44.c5 Bxe2 45.Kxe2 f4 46.g4 Ke4 47.Nc3+ Kd4 48.Nd1 Kxc5 49.Kf3 Nd6 50.Nc3 Kc4
51.a6 Nc8 52.Ne4 Kd4 53.Nd6 Na7 54.Nxf7 c5 55.g5 c4 56.g6 hxg6 57.h6 c3 58.h7 c2
59.h8=Q+ Kd3 60.Qb2  1-0

[Event "Extraliga CZE"]
[Site "Ostrava CZE"]
[Date "2000.01.16"]
[Round "7"]
[White "Kana,P"]
[Black "Hlavnicka,J"]
[Result "1/2-1/2"]
[WhiteElo "2148"]
[BlackElo "2239"]

1.e4 c5 2.Nf3 Nc6 3.Bb5 g6 4.O-O Bg7 5.Re1 Nf6 6.c3 O-O 7.d4 cxd4 8.cxd4 d5
9.e5 Ne4 10.Nc3 Nxc3 11.bxc3 Na5 12.Bg5 Bg4 13.h3 Bxf3 14.Qxf3 Rc8 15.Rac1 Nc4
16.Re2 a6 17.Ba4 b5 18.Bc2 Qd7 19.h4  1/2-1/2

[Event "ch-CRO"]
[Site "Pula CRO"]
[Date "2000.01.16"]
[Round "10"]
[White "Rogic,D"]
[Black "Feletar,D"]
[Result "1/2-1/2"]
[WhiteElo "2505"]
[BlackElo "2411"]

1.e4 c5 2.Nf3 Nc6 3.Bb5 d6 4.O-O Bd7 5.Re1 a6 6.Bf1 Nf6 7.c3 Bg4 8.h3 Bh5
9.d3 e6 10.Nbd2 Be7 11.g4 Bg6 12.Nh4 Nd7 13.Nxg6 hxg6 14.Nf3 Nde5 15.Be3 Nxf3+
16.Qxf3 e5 17.a3 a5 18.b3 Bg5 19.Rad1 Bf6 20.Rb1 O-O 21.Rec1 g5 22.Qe2 g6
23.Qd2 Re8 24.Be2 Kg7 25.Kg2 Rh8 26.Rh1 Rh4 27.Bd1 Qe7 28.b4 axb4 29.axb4 cxb4
30.Bb3 bxc3 31.Qxc3 Nd4 32.Bd5 Rb8 33.Rb6 Rhh8 34.Rhb1 Rhc8 35.Qa5 Rc7 36.Qa7 Rd8
37.Rxb7 Rdd7 38.Rxc7 Rxc7 39.Qa8 Ra7 40.Qc8 Qc7 41.Qe8 Qd8 42.Rb8 Qxe8 43.Rxe8 Rd7
44.h4 gxh4 45.g5 Be7 46.f4 Ne6 47.Rxe7 Rxe7 48.f5 Nxg5 49.Bxg5 f6 50.Bxh4 g5
51.Be1 Ra7 52.Bb4 Ra4 53.Bd2 Kf8 54.Kf3 Ra1 55.Bb4 Ke7 56.Ke3 Rb1 57.Bc3 Rh1
58.Bc4 Rh3+ 59.Kf2 Rh1 60.Ba5 Ra1 61.Bb6 Rb1 62.Be3 Rb2+ 63.Kf3 Kf8 64.Kg4 Rh2
65.Bd5 Rh4+ 66.Kg3 Rh1 67.Bb6 Ke7 68.Bf2 Rd1 69.Bc4 Kf8 70.Kg4 Rh1 71.Bb6 Ke7  1/2-1/2

[Event "ch-Asia"]
[Site "Udaipur IND"]
[Date "2000.01.16"]
[Round "6"]
[White "Rezaei,R"]
[Black "Isaev,J"]
[Result "1/2-1/2"]
[WhiteElo "2220"]
[BlackElo "2425"]

1.e4 c5 2.Nf3 Nc6 3.Bb5 g6 4.O-O Bg7 5.c3 Nf6 6.Re1 O-O 7.d4 d5 8.exd5 Qxd5
9.c4 Qd6 10.d5 Nd4 11.Nxd4 cxd4 12.Nd2 a6 13.Ba4 b5 14.Bc2 Bb7 15.cxb5 axb5
16.Nf3 Nxd5 17.Nxd4 Nb4 18.Nf3 Bxf3 19.gxf3 Qxd1 20.Bxd1 Rxa2 21.Rxa2 Nxa2
22.Bg5 Re8 23.Rxe7 Rxe7 24.Bxe7 Bxb2 25.Be2 Nc3 26.Bd3 Bc1 27.Bb4 Na2 28.Ba5 Bb2  1/2-1/2

[Event "ch-BRA"]
[Site "Brasilia BRA"]
[Date "2000.01.19"]
[Round "1"]
[White "Guimaraes,W"]
[Black "Coelho,L"]
[Result "0-1"]
[WhiteElo "2320"]
[BlackElo "2091"]

1.e4 c5 2.Nf3 Nc6 3.Bb5 g6 4.O-O Bg7 5.Bxc6 bxc6 6.d3 e5 7.Bg5 Ne7 8.Qc1 h6
9.Bd2 f5 10.exf5 gxf5 11.Re1 d6 12.Nc3 f4 13.Bxf4 exf4 14.Qxf4 Rf8 15.Qg3 Kf7
16.Qh4 Nf5 17.Qc4+ Kg6 18.g4 Nd4 19.Nxd4 Bxd4 20.Kh1 Bxg4 21.Rg1 Qh4 22.Rxg4+ Qxg4
23.Rg1 Qxg1+ 24.Kxg1 Rxf2 25.Kh1 Re8 26.Ne4 d5 27.Qa6 dxe4 28.Qxc6+ Kf7 29.Qd5+ Kf6
30.dxe4 Re5 31.Qd6+ Kg5 32.Qd8+ Kg4 33.Qc8+ Kf4 34.Qf8+ Kxe4 35.Qxh6 Rg5
36.Qe6+ Kf3 37.Qc6+ Ke2 38.Qa6+ Kd1 39.Qd3+ Kc1  0-1

[Event "V Ubeda Open"]
[Site "Ubeda ESP"]
[Date "2000.01.19"]
[Round "1"]
[White "Turov,M"]
[Black "Draghici,G"]
[Result "1-0"]
[WhiteElo "2526"]
[BlackElo "2229"]

1.e4 c5 2.Nf3 Nc6 3.Bb5 d6 4.Bxc6+ bxc6 5.O-O Nf6 6.Re1 e5 7.c3 Be7 8.d4 cxd4
9.cxd4 Qc7 10.dxe5 dxe5 11.b3 O-O 12.h3 Ba6 13.Bb2 Rad8 14.Qc1 Nd7 15.Ba3 Rfe8
16.Bxe7 Rxe7  1-0

[Event "V Ubeda Open"]
[Site "Ubeda ESP"]
[Date "2000.01.19"]
[Round "10"]
[White "Bjerring,K"]
[Black "Lomineishvili,M"]
[Result "0-1"]
[WhiteElo "2276"]
[BlackElo "2290"]

1.e4 c5 2.Nf3 Nc6 3.Bb5 e6 4.O-O Nge7 5.Re1 Nd4 6.Nxd4 cxd4 7.c3 Nc6 8.d3 Bc5
9.c4 O-O 10.a3 a6 11.Ba4 b6 12.Nd2 Bb7 13.Nf3 a5 14.Bd2 f5 15.e5 Be7 16.Qe2 Kh8
17.Reb1 g5 18.b4 g4 19.Ne1 axb4 20.axb4 Qc7 21.Bxc6 Qxc6 22.b5 Qc7 23.Bf4 d5
24.Rxa8 Rxa8 25.Rc1 Qd8 26.h3 gxh3 27.gxh3 dxc4 28.dxc4 Ra3 29.Qh5 Qg8+ 30.Kh2 Ra2
31.Bg3 Be4 32.Rd1 d3 33.Nxd3 Bg5 34.Ne1 Rxf2+ 35.Kg1 Be3 36.Qh4 Rf4+  0-1

[Event "1st Fraenkische GM"]
[Site "Pulvermuele GER"]
[Date "2000.01.20"]
[Round "7"]
[White "Bezold,M"]
[Black "Wells,P"]
[Result "1-0"]
[WhiteElo "2508"]
[BlackElo "2483"]

1.e4 c5 2.Nf3 Nc6 3.Bb5 g6 4.Bxc6 dxc6 5.d3 Bg7 6.h3 b6 7.Nc3 e5 8.Be3 Qe7
9.Qd2 h6 10.O-O Nf6 11.a3 Nd7 12.Rfb1 Nf8 13.b4 Ne6 14.bxc5 f5 15.exf5 gxf5
16.Qe1 bxc5 17.Na4 e4 18.dxe4 f4 19.Bc1 Bxa1 20.Rxa1 Rg8 21.Qc3 Ba6 22.Qe5 Be2
23.Nh4 Nd4 24.Bxf4 Qxe5 25.Bxe5 O-O-O 26.Nxc5 Nxc2 27.Ra2 Rd1+ 28.Kh2 Rg5
29.f4 Ne3 30.fxg5 Nf1+ 31.Kg1 Bc4  1-0

[Event "Corus Reserve Group"]
[Site "Wijk aan Zee NED"]
[Date "2000.01.21"]
[Round "1"]
[White "Bellin,R"]
[Black "Van den Berg,AMJ"]
[Result "1/2-1/2"]
[WhiteElo "2351"]
[BlackElo "2209"]

1.e4 c5 2.Nf3 Nc6 3.Bb5 e6 4.O-O Nge7 5.c3 a6 6.Ba4 b5 7.Bc2 Bb7 8.d3 d5
9.Nbd2 Ng6 10.Re1 Be7 11.Qe2 O-O 12.a4 b4 13.Nb3 Na5  1/2-1/2

[Event "V Ubeda Open"]
[Site "Ubeda ESP"]
[Date "2000.01.22"]
[Round "4"]
[White "Wohl,A"]
[Black "Lomineishvili,M"]
[Result "1-0"]
[WhiteElo "2438"]
[BlackElo "2290"]

1.e4 c5 2.Nf3 Nc6 3.Bb5 e6 4.O-O Nge7 5.Re1 Nd4 6.Nxd4 cxd4 7.d3 Nc6 8.Nd2 Be7
9.Nf3 a6 10.Ba4 b5 11.Bb3 O-O 12.c3 Bc5 13.Bc2 a5 14.Bf4 d5 15.exd5 Qxd5
16.c4 Qf5 17.cxb5 Ne7 18.Bg3 Ng6 19.Ne5 Bb7 20.Nxg6 Qxg6 21.f3 Bb4 22.Rf1 Qg5
23.a4 Bd2 24.Bb3 Rac8 25.Kh1 Be3 26.Bc4 h5 27.Qe1 Ra8 28.Bh4 Qc5 29.Rb1 Ra7
30.Qe2 Rc8 31.Bf2 Bf4 32.Bg3 Be3 33.Be1 Qg5 34.Bf2 Bxf2 35.Qxf2 Qc5 36.Rfe1 Rd8
37.Qg3 Qb4 38.b3 Bd5 39.Qh4 Raa8 40.Qxh5 Bxc4 41.bxc4 Qxa4 42.Qe5 Qa3 43.b6 Qxd3
44.c5 Qa6 45.c6 Rd5 46.Qg3 Rb5 47.b7 Rf8 48.b8=Q  1-0

[Event "V Ubeda Open"]
[Site "Ubeda ESP"]
[Date "2000.01.23"]
[Round "5"]
[White "Minasian,Ara"]
[Black "De Sousa,Jos"]
[Result "1-0"]
[WhiteElo "2485"]
[BlackElo "2280"]

1.e4 c5 2.Nf3 Nc6 3.Bb5 d6 4.O-O Bd7 5.Re1 a6 6.Bxc6 Bxc6 7.d4 cxd4 8.Nxd4 g6
9.Nxc6 bxc6 10.Qd4 Nf6 11.e5 dxe5 12.Qxe5 Bg7 13.Qc5 Qc7 14.Bf4 Qb7 15.Rxe7+ Qxe7
16.Qxc6+ Qd7 17.Qxa8+ Ke7 18.Qxa6 Qd1+ 19.Qf1 Qxc2 20.Na3 Qxb2 21.Bd6+ Kd7
22.Rd1  1-0

[Event "Corus Reserve Group"]
[Site "Wijk aan Zee NED"]
[Date "2000.01.23"]
[Round "3"]
[White "Bellin,R"]
[Black "Keatinge Clay,A"]
[Result "1-0"]
[WhiteElo "2351"]
[BlackElo "2287"]

1.e4 c5 2.Nf3 Nc6 3.Bb5 g6 4.Bxc6 dxc6 5.d3 Bg7 6.h3 Nf6 7.Nc3 O-O 8.Be3 b6
9.Qd2 Re8 10.Bh6 Bh8 11.Qg5 Nh5 12.g4 Ng7 13.O-O-O Ne6 14.Qd2 Nd4 15.Nxd4 Qxd4
16.Rdg1 Ba6 17.h4 c4 18.Be3 Qd6 19.d4 e5 20.d5 Bb7 21.Rd1 Rad8 22.Qe2 cxd5
23.exd5 e4 24.Qxc4 Rc8 25.Qb3 Ba6 26.Nb5 Qd7 27.a4 Bxb5 28.Qxb5 Qxg4 29.Rhg1 Qxh4
30.d6 Re5 31.d7 Rd8 32.Bg5 Rxb5 33.axb5 Qxg5+ 34.Rxg5 f5 35.Rg3 Kf7 36.Ra3 Bf6
37.Rxa7 Bh4 38.Rf1 Ke6 39.Rb7 Rxd7 40.Rxb6+ Ke5 41.Rc6 f4 42.Rd1 Rb7 43.Rc5+ Ke6
44.Rd4 Bxf2 45.Rxe4+ Kd6 46.Rc6+ Kd5 47.Rce6 Be3+ 48.Kd1 Rd7 49.Ke2 Kc5 50.R4e5+ Kb4
51.b6 Rb7 52.Rd5 Kc4 53.Ra5 Kb4 54.Ra7 Rxb6 55.Rxb6+ Bxb6 56.Rxh7 Be3 57.Kd3 Bc1
58.Rb7+ Kc5 59.b4+ Kc6 60.Rg7 Kb5 61.c3 f3 62.Rxg6 f2 63.Rf6  1-0

[Event "BCX Open"]
[Site "Brasilia BRA"]
[Date "2000.01.28"]
[Round "3"]
[White "Pelikian,J"]
[Black "Coelho,L"]
[Result "1-0"]
[WhiteElo "2393"]
[BlackElo "2091"]

1.e4 c5 2.Nf3 Nc6 3.Bb5 g6 4.O-O Bg7 5.c3 Nf6 6.Re1 O-O 7.d4 cxd4 8.cxd4 d5
9.e5 Ne4 10.Bxc6 bxc6 11.h3 c5 12.dxc5 Nxc5 13.Be3 Ne4 14.Bd4 f6 15.exf6 exf6
16.Nc3 Bb7 17.Qb3 Rf7 18.Rad1 Qa5 19.Nd2 Nd6 20.Qc2 Nf5 21.Nb3 Qb4 22.Bc5 Qc4
23.Qd3 Rc7 24.Ba3 Qxd3 25.Rxd3 d4 26.Nb5 Rc4 27.N5xd4 Rd8 28.Nxf5 Rxd3 29.Re8+ Kf7
30.Re7+ Kg8 31.Rxg7+ Kh8 32.Rxb7 gxf5 33.Bf8 Rd1+ 34.Kh2 f4 35.Bh6 Kg8 36.Rg7+ Kh8
37.Rxa7  1-0

[Event "Israeli League"]
[Site "Ramat Aviv ISR"]
[Date "2000.01.28"]
[Round "3"]
[White "Tseitlin,Ma"]
[Black "Mashian,Y"]
[Result "1-0"]
[WhiteElo "2460"]
[BlackElo "2293"]

1.e4 c5 2.Nf3 Nc6 3.Bb5 g6 4.O-O Bg7 5.c3 e5 6.d3 Nge7 7.Be3 b6 8.d4 cxd4
9.cxd4 exd4 10.Nxd4 O-O 11.Nc3 Bb7 12.Re1 Rc8 13.Rc1 Na5 14.Qe2 Nec6 15.Nf3 Ne5
16.Red1 d6 17.Nxe5 Bxe5 18.Nd5 Rxc1 19.Bxc1 Bxd5 20.Rxd5 Qf6 21.Qc2 Nb7 22.g3 Nc5
23.Bh6 Rd8 24.f4 Bd4+ 25.Kg2 Ne6 26.Qd2 Bxb2 27.e5 Qf5 28.Bd3 Qh5 29.Bg5 Nxg5
30.fxg5 Ba3 31.Be2 Bc1 32.Bxh5 Bxd2 33.Rxd2 gxh5 34.exd6 Kf8 35.Kh3 Ke8 36.Kh4 Kd7
37.Kxh5 b5 38.Kh6 Rg8 39.h4 Rg6+ 40.Kxh7 b4 41.Rf2 Rxd6 42.Rxf7+ Kc6 43.g6  1-0

[Event "Perenyi Mem"]
[Site "Gyula HUN"]
[Date "2000.01.29"]
[Round "6"]
[White "Yu Shaoteng"]
[Black "Zhang Pengxiang"]
[Result "0-1"]
[WhiteElo "2535"]
[BlackElo "2562"]

1.e4 c5 2.Nf3 Nc6 3.Bb5 g6 4.Bxc6 bxc6 5.O-O Bg7 6.Re1 Nf6 7.e5 Nd5 8.c4 Nc7
9.d4 cxd4 10.Qxd4 d6 11.Nc3 Ne6 12.Qe4 O-O 13.Qxc6 Rb8 14.Qe4 Bb7 15.Nd5 Bxd5
16.Qxd5 dxe5 17.Nxe5 Qxd5 18.cxd5 Nd4 19.Nd7 Nc2 20.Nxb8 Rxb8 21.Bg5 Bxb2
22.Rab1 Nxe1 23.Rxe1 Ba3 24.Kf1 f6 25.Bf4 Rd8 26.Rd1 Bc5 27.Ke2 Kf8 28.Rd2 Ke8
29.Be3 Bxe3 30.Kxe3 Rd6 31.Kd4 e6 32.Kc5 Ke7 33.a4 Ra6 34.dxe6 Rxa4 35.Re2 Ra6
36.Kb5 Rb6+ 37.Ka5 h5 38.h3 g5 39.g3 Rxe6 40.Rb2 Rb6 41.Rc2 Ke6 42.Rc7 Kf5
43.Rc5+ Kg6 44.Rc2 Rb3 45.Ka6 Ra3+ 46.Kb7 h4  0-1

[Event "Perenyi Mem"]
[Site "Gyula HUN"]
[Date "2000.02.02"]
[Round "11"]
[White "Zhang Pengxiang"]
[Black "Burnett,R"]
[Result "1-0"]
[WhiteElo "2562"]
[BlackElo "2437"]

1.e4 c5 2.Nf3 Nc6 3.Bb5 d6 4.O-O Bd7 5.c3 g6 6.d4 Bg7 7.dxc5 dxc5 8.h3 a6
9.Be2 Qc7 10.Re1 Nf6 11.Bf1 e5 12.a4 O-O 13.Bg5 Be6 14.Nfd2 Na5 15.c4 h6
16.Be3 Nd7 17.Nc3 f5 18.f3 f4 19.Bf2 Nc6 20.Nd5 Qd8 21.b4 cxb4 22.a5 Nxa5
23.Nxb4 Nc6 24.Nxc6 bxc6 25.c5 Rf7 26.Bxa6 Bf8 27.Qc2 Qe7 28.Rec1 g5 29.Qb2 Rb8
30.Qc3 h5 31.Be2 Qf6 32.Ra7 g4 33.fxg4 hxg4 34.Bxg4 Bxg4 35.hxg4 Rh7 36.Nf3 Rb5
37.Qc4+ Kh8 38.g5 Qg6 39.Rxd7 Rxd7 40.Nxe5 Qg7 41.Nxd7 Qxd7 42.Rc3 Kg7 43.Bd4+  1-0

[Event "5th HIT Open"]
[Site "Nova Gorica SLO"]
[Date "2000.02.02"]
[Round "2"]
[White "Mocchi,T"]
[Black "Movsesian,S"]
[Result "0-1"]
[WhiteElo "2390"]
[BlackElo "2668"]

1.e4 c5 2.Nf3 Nc6 3.Bb5 d6 4.O-O Bd7 5.c3 Nf6 6.Re1 a6 7.Bf1 Bg4 8.d4 cxd4
9.cxd4 Bxf3 10.gxf3 e5 11.Be3 Be7 12.Nc3 O-O 13.f4 Re8 14.Be2 exf4 15.Bxf4 Qb6
16.e5 dxe5 17.dxe5 Bc5 18.exf6 Bxf2+ 19.Kh1 Bxe1 20.Qxe1 Nd4 21.Qg3 Qc6+
22.Kg1 Qxf6 23.Bd3 Qb6 24.Kf1 Rad8 25.Be5 Rxe5 26.Qxe5 Nf3 27.Bxh7+ Kh8 28.Qh5 Qg1+
29.Ke2 Nd4+ 30.Kd3 Nb3+ 31.Nd5 Qd4+ 32.Ke2 Rxd5 33.Bf5+ Kg8 34.Qh7+ Kf8 35.axb3 Qxb2+
36.Kf3 Qc3+ 37.Kg4 Qxa1 38.Qh8+ Ke7 39.Qh4+ f6 40.Qh7 Qg1+ 41.Kh3 Qe3+  0-1

[Event "FSGM January"]
[Site "Budapest HUN"]
[Date "2000.02.05"]
[Round "1"]
[White "Zhang Pengxiang"]
[Black "Volzhin,A"]
[Result "1/2-1/2"]
[WhiteElo "2562"]
[BlackElo "2548"]

1.e4 c5 2.Nf3 Nc6 3.Bb5 g6 4.O-O Bg7 5.Nc3 d6 6.d4 cxd4 7.Nxd4 Bd7 8.Be3 Nf6
9.Bxc6 bxc6 10.f3 O-O 11.Qd2 Qc7 12.Rfe1 Rfd8 13.Rad1 Rab8 14.Nb3 Be6 15.Qf2 Ra8
16.Nd4 Bc4 17.b3 Ba6 18.Na4  1/2-1/2

[Event "FSGM January"]
[Site "Budapest HUN"]
[Date "2000.02.05"]
[Round "1"]
[White "Burnett,R"]
[Black "Wang Rui"]
[Result "1/2-1/2"]
[WhiteElo "2437"]
[BlackElo "2496"]

1.e4 c5 2.Nf3 Nc6 3.Bb5 g6 4.O-O Bg7 5.Re1 e5 6.Bxc6 dxc6 7.a4 Ne7 8.Na3 O-O
9.d3 Be6 10.Be3 b6 11.Qd2 Bg4 12.Nc4 f6 13.Nh4 Nc8 14.h3 Be6 15.b3 Rf7 16.Nf3 Rd7
17.Nh2 b5 18.Nb2 c4 19.bxc4 bxc4 20.Qc3 Nd6 21.Bc5 cxd3 22.Nxd3 Nc4 23.Ng4 Bf7
24.a5 Nd6 25.Nb4 h5 26.Nh2 Rc8 27.Nf3 Kh7 28.Na6 Nb5 29.Qb4 Bh6 30.Be3 Bf8
31.Bc5 Bh6 32.Be3 Bf8 33.Nc5 Nd4 34.Bxd4 exd4 35.Rab1 Rcc7 36.Red1 Rd6 37.Nb7 c5
38.Nxd8 cxb4 39.Nxf7 Rxf7 40.Rxb4 d3 41.cxd3 Rxd3 42.Rxd3 Bxb4 43.Rd5 Rc7
44.Rb5 Rc1+ 45.Kh2 Bc5 46.e5 fxe5 47.Ng5+ Kh6 48.Ne4 Bd4 49.h4 Kg7 50.Rd5 Ra1
51.g3 Re1 52.f3 Kf7 53.Rd7+ Kf8 54.Rd6 Kg7 55.Kh3 Rh1+ 56.Kg2 Rg1+ 57.Kh2 Ra1
58.Rd5 Kf7 59.g4 hxg4 60.fxg4 Ra2+ 61.Kg3 Ra3+ 62.Kg2 Ra2+ 63.Kg3 Ra3+ 64.Kg2  1/2-1/2

[Event "5th HIT Open"]
[Site "Nova Gorica SLO"]
[Date "2000.02.05"]
[Round "5"]
[White "Bratanov,Z"]
[Black "Kukovec,B"]
[Result "1-0"]
[WhiteElo "2332"]
[BlackElo "2111"]

1.e4 c5 2.Nf3 Nc6 3.Bb5 g6 4.c3 Nf6 5.Qe2 Bg7 6.O-O O-O 7.Rd1 d5 8.e5 Ne8
9.d4 cxd4 10.cxd4 Qb6 11.h3 Nc7 12.Ba4 Qa6 13.Qxa6 Nxa6 14.Nc3 Nc7 15.Bxc6 bxc6
16.b3 f6 17.Be3 fxe5 18.Nxe5 Bxe5 19.dxe5 Ne6 20.Ne2 a5 21.Rac1 Bb7 22.Nd4 Nxd4
23.Rxd4 a4 24.bxa4 Rfc8 25.Rb4 Ba6 26.Bc5 e6 27.a3 Rab8 28.Rcb1 Rxb4 29.axb4 Bc4
30.h4 Bd3 31.Rb2 Ra8 32.b5 cxb5 33.axb5 Rb8 34.b6 Ba6 35.Bd6 Rb7 36.Bc7 d4
37.f3 d3 38.Kf2 Kf7 39.Ke3 Ke8 40.Rd2 Bc4 41.Rxd3 Bd5  1-0

[Event "Goodricke Open"]
[Site "Calcutta IND"]
[Date "2000.02.06"]
[Round "1"]
[White "Peng Xiaomin"]
[Black "Ramesh,R"]
[Result "1/2-1/2"]
[WhiteElo "2624"]
[BlackElo "2443"]

1.e4 c5 2.Nf3 Nc6 3.Bb5 e6 4.Bxc6 bxc6 5.O-O Ne7 6.b3 Ng6 7.c3 Be7 8.Ba3 O-O
9.d4 cxd4 10.Bxe7 Qxe7 11.cxd4 f5 12.e5 c5 13.dxc5 Qxc5 14.Re1 Bb7 15.Nbd2 Nf4
16.Nc4 g5 17.Ne3 Qd5 18.Qxd5 Bxd5 19.Red1 Bxf3  1/2-1/2

[Event "Extraliga CZE"]
[Site "Ostrava CZE"]
[Date "2000.02.06"]
[Round "9"]
[White "Sabol,M"]
[Black "Michalek,J"]
[Result "1/2-1/2"]
[WhiteElo "2302"]
[BlackElo "2330"]

1.e4 c5 2.Nf3 Nc6 3.Bb5 e6 4.Bxc6 bxc6 5.e5 f6 6.O-O fxe5 7.Nxe5 Nf6 8.c4 d6
9.Ng4 Be7 10.f4 O-O 11.Ne3 Ne8 12.d3 Bf6 13.Nc3 Bd4 14.Ne2 Nf6 15.Nxd4 cxd4
16.Ng4 c5 17.b4 Nxg4 18.Qxg4 Rb8 19.bxc5 dxc5 20.Qe2 Bd7 21.a4 Rb3 22.a5 Qf6
23.Ba3 Qf5 24.Rf3 a6 25.Qe4 Rc8 26.Rg3 h6 27.Qxf5 exf5 28.Kf2 Kf7 29.h4 Kf6
30.Ke2 Be8 31.Kd2 Bh5 32.Rh3 Re8 33.Bxc5 Re2+ 34.Kc1 Rc3+ 35.Kb1 Rb3+ 36.Kc1 Rc3+  1/2-1/2

[Event "Petroff Mem Open"]
[Site "St Petersburg RUS"]
[Date "2000.02.09"]
[Round "3"]
[White "Lebedev,Va"]
[Black "Tolstikh,N"]
[Result "0-1"]
[WhiteElo "2225"]
[BlackElo "2419"]

1.e4 c5 2.Nf3 Nc6 3.Bb5 e6 4.Bxc6 bxc6 5.O-O Ne7 6.e5 Ng6 7.Nc3 Be7 8.d3 O-O
9.Re1 f6 10.exf6 Bxf6 11.Ne4 Be7 12.d4 cxd4 13.Qxd4 d5 14.Nc3 Rxf3 15.gxf3 Nh4
16.Re3 Nf5 17.Qb4 Qf8  0-1

[Event "Petroff Mem Open"]
[Site "St Petersburg RUS"]
[Date "2000.02.09"]
[Round "3"]
[White "Lebedev,Va"]
[Black "Tolstikh,N"]
[Result "0-1"]
[WhiteElo "2225"]
[BlackElo "2419"]

1.e4 c5 2.Nf3 Nc6 3.Bb5 e6 4.Bxc6 bxc6 5.O-O Ne7 6.e5 Ng6 7.Nc3 Be7 8.d3 O-O
9.Re1 f6 10.exf6 Bxf6 11.Ne4 Be7 12.d4 cxd4 13.Qxd4 d5 14.Nc5 Rxf3 15.gxf3 Nh4
16.Re3 Nf5 17.Qb4 Qf8  0-1

[Event "Petroff Mem Open"]
[Site "St Petersburg RUS"]
[Date "2000.02.10"]
[Round "4"]
[White "Markarov,A"]
[Black "Sergeev,Ve"]
[Result "1/2-1/2"]
[WhiteElo "2274"]
[BlackElo "2425"]

1.e4 c5 2.Nf3 Nc6 3.Bb5 d6 4.O-O Bd7 5.c3 Nf6 6.Re1 a6 7.Ba4 b5 8.Bc2 Bg4
9.h3 Bxf3 10.Qxf3 g6 11.a4 Rb8 12.axb5 axb5 13.Na3 Bg7 14.Nxb5 O-O 15.Na3 Qa5
16.d3 Nd7 17.Qe2 Qa7 18.Rb1 e6 19.Bf4 Nde5 20.Nc4 Qc7 21.Ba4 Ra8 22.Ra1 Rfb8
23.Ra3 h6 24.Rea1 g5 25.Bg3 Ne7 26.Nxe5 dxe5 27.Bb3 Rxa3 28.Rxa3 Ng6 29.Bc4 Nf4
30.Qc2 Bf6 31.Ra6 Kg7 32.Qd2 Be7 33.b3 Qd7 34.Ra1 Qc7 35.Qe3 Rd8 36.f3 h5
37.Be1 h4 38.Ra2 Rb8 39.Bf2 Rd8 40.Ra1 Kg6 41.Qd2 Rb8 42.Kf1 Bf8 43.Be3 Rd8
44.b4 Nxd3 45.Rd1 Rd6 46.Bxd3 c4 47.Qe2 cxd3 48.Rxd3 Ra6 49.Rd1 Ra3 50.Bd2 Ra2
51.Qd3 Qa7 52.Rb1 Be7 53.c4 g4 54.c5 gxh3 55.gxh3 Bg5 56.Bxg5 Kxg5 57.Qd8+ f6
58.Qg8+ Kf4 59.Re1 Qa6+ 60.Kg1 f5 61.Qd8 Kxf3 62.Qxh4 Rg2+ 63.Kh1 Rh2+ 64.Kg1 Rg2+
65.Kh1 Rh2+ 66.Kg1  1/2-1/2

[Event "Petroff Mem Open"]
[Site "St Petersburg RUS"]
[Date "2000.02.10"]
[Round "4"]
[White "Kovalevskaya,E"]
[Black "Chernyshov,K"]
[Result "1/2-1/2"]
[WhiteElo "2451"]
[BlackElo "2544"]

1.e4 c5 2.Nf3 Nc6 3.Bb5 b6 4.Bxc6 dxc6 5.d3 g6 6.Nc3 Bg7 7.h3 e5 8.a4 h6
9.Be3 Be6 10.a5 Ne7 11.Qd2 f5 12.exf5 Nxf5 13.O-O O-O 14.Ne4 Bd5 15.c4 Bxe4
16.dxe4 Qxd2 17.Nxd2 Nd4 18.Bxd4 cxd4 19.axb6 axb6 20.Nb3 b5 21.c5 Ra4 22.Na5 Bf6
23.b3 Rb4 24.Nxc6 Rxb3 25.f4 exf4 26.e5 Bg7 27.Nxd4 Re3 28.Ne6 Bxe5 29.Nxf8 Bxa1
30.Rxa1 Kxf8 31.Rb1 Rc3 32.Rxb5 Kf7 33.Kf2 Kf6 34.Rb6+ Kg5 35.Rc6 Kh5 36.Rc8 Kh4
37.c6 g5 38.c7 h5 39.Kf1 Rc2 40.Ke1 Rc1+ 41.Kf2 Rc4 42.Kf1 Rc5 43.Kf2 Rc3
44.Kf1 f3 45.gxf3 Rxf3+ 46.Kg2 Rc3 47.Kf2 Rc2+ 48.Kf1 Rc5 49.Kg2 Rc6 50.Kf2 Rf6+
51.Kg2 Rf7 52.Ra8 Rxc7 53.Ra4+  1/2-1/2